Statistics for Pokemon Multiple Choice #3

Click here to take the quiz!

General Stats

  • This quiz has been taken 17 times
  • The average score is 10 of 20

Answer Stats

QuestionAnswer% Correct
Which Pokemon cannot have the ability 'Honey Gather'?Beedrill
79%
Which Pokemon is catagorised as the 'Stomach Pokemon'?Gulpin
79%
Which of these is not the name of a Feather introduced in gen 5?Haste Feather
79%
Which Pokemon does Grimsley not use?Mandibuzz
79%
Which status condition does not cause the power of Facade to double?Confused
71%
Which gym leader has a team of only single typed Ice types?Brycen
64%
The ability Steadfast increases which stat whenever under which condition?Speed, Flinch
64%
Which Eevee evolution sprite does not become more green when shiny?Sylveon
64%
Which ability does Vigoroth have?Vital Spirit
64%
If in my bag there was 3 Max Repels, 2 Super Repels and 6 Repels, for how many steps will encounters not occur?1750
50%
How many baby Pokemon are Fairy type?5
50%
How many Pokemon begin with the letter X?3
43%
How many Effort Values (EVs) total is a Pokemon limited to?510
43%
How many different types are represented by the fossil Pokemon?9
43%
Which of these moves cannot still hit an opponent that is currently underground (from using dig)?Bulldoze
43%
Which Pokemon does not learn Counter by level up?Snorlax
43%
Which of these Pokemon can learn the most HMs (across all generations I-VI)?Tropius
29%
Which badge is claimed outside of a gym in its respective game?Rising badge (G/S/C/HG/SS)
21%
Which pair of items have the same effect in battle?Lagging Tail & Full Incense
14%
Which Pokemon evolves the earliest?Lotad
14%

Score Distribution

Percentile by Number Answered

Percent of People with Each Score

Your Score History

You have not taken this quiz